| 000 | 00468nam a22001812 4500 | ||
|---|---|---|---|
| 001 | 0000002983 | ||
| 005 | 20151217151910.0 | ||
| 008 | 070425s xx 000 0 eng d | ||
| 040 |
_aKABU _cKABU |
||
| 050 | 0 |
_aPS3553 _b.A95D69 |
|
| 100 | 1 |
_aCawley, Winifred. _@0000022177 |
|
| 245 | 1 | 0 | _aDown the long stairs. |
| 260 |
_aNew York : _bHolt, _c1964. |
||
| 300 | _a254 p. | ||
| 908 | _a070425 | ||
| 950 | _@1 | ||
| 999 |
_c6150 _d6150 |
||